000 00589nam a2200193Ia 4500
003 GCL
008 140319s9999 xx 000 0 ara d
040 _aGCL /
_cGCL
082 0 4 _a822.008
_bش ل
100 1 _aنظير عبود
245 1 0 _aالليلة الثانية عشر /
_cنظير عبود
700 1 _aج. يونس (تعريب)
700 1 _aشكسبير، ويليام
260 _aبيروت :
_bدار نظير عبود ،
_c1988
300 _a110ص ؛
_c19سم
490 _aوليم شكسبير
_v0
650 0 4 _aالمسرح الانجليزى
942 _2ddc
_cBK
999 _c57408
_d57408